دودی دروازے / (Record no. 107376)

MARC details
000 -LEADER
fixed length control field 00977nam a22002657a 4500
005 - DATE AND TIME OF LATEST TRANSACTION
control field 20170123162325.0
010 ## - LIBRARY OF CONGRESS CONTROL NUMBER
LC control number A-998598
020 ## - INTERNATIONAL STANDARD BOOK NUMBER
Terms of availability 100.00
035 ## - SYSTEM CONTROL NUMBER
System control number A-998598
037 ## - SOURCE OF ACQUISITION
Source of stock number/acquisition Cen Lib/Ret
040 ## - CATALOGING SOURCE
Original cataloging agency DPL
Language of cataloging UR
082 ## - DEWEY DECIMAL CLASSIFICATION NUMBER
Classification number 841
Item number ب ے ش
100 ## - MAIN ENTRY--PERSONAL NAME
Personal name بیشلر، وولفگانگ
9 (RLIN) 673
245 ## - TITLE STATEMENT
Title دودی دروازے /
Statement of responsibility, etc وولفگانگ بیشلر ؛ مرتجم منیر د. احمد
246 ## - VARYING FORM OF TITLE
Title proper/short title Doodi darwaze /
Remainder of title by Wolfgang Bachler ; translated by Munir D. Ahmed
260 ## - PUBLICATION, DISTRIBUTION, ETC. (IMPRINT)
Place of publication, distribution, etc نیی دہلی
Name of publisher, distributor, etc معیار پبلیکیشنز
Date of publication, distribution, etc 1999
270 ## - ADDRESS
City نیی دہلی
Address کے،٣٠٢، تاج انکلیو گیتا کالونی
Postal code 110031
300 ## - PHYSICAL DESCRIPTION
Extent 160p.
Dimensions 21cm(Hb)
650 ## - SUBJECT ADDED ENTRY--TOPICAL TERM
Topical term or geographic name as entry element ادب - اردو
9 (RLIN) 119037
650 ## - SUBJECT ADDED ENTRY--TOPICAL TERM
Topical term or geographic name as entry element جرمن -- اردو شاعری
9 (RLIN) 482
650 ## - SUBJECT ADDED ENTRY--TOPICAL TERM
Topical term or geographic name as entry element Literature -- Urdu
9 (RLIN) 119038
650 ## - SUBJECT ADDED ENTRY--TOPICAL TERM
Topical term or geographic name as entry element Urdu poetry (German)
9 (RLIN) 119039
700 ## - ADDED ENTRY--PERSONAL NAME
Personal name منیر د. احمد
9 (RLIN) 113272
942 ## - ADDED ENTRY ELEMENTS (KOHA)
Source of classification or shelving scheme Dewey Decimal Classification
Koha item type Urdu Bks
Classification part 841
Call number suffix ب ے ش
Holdings
Withdrawn status Lost status Damaged status Not for loan Home library Current library Date acquired Source of acquisition Cost, normal purchase price Total Checkouts Full call number Barcode Date last seen Copy number Cost, replacement price Price effective from Koha item type
        Central Library Central Library 07/01/2016 Cen Lib/Ret 100.00   841 ب ے ش A-998598 07/01/2016 1 100.00 07/01/2016 Urdu Bks

© Delhi Public Library
Hit Counter
free hit counter